| 000 | 01073nam a22002657a 4500 | ||
|---|---|---|---|
| 003 | NALT | ||
| 005 | 20221130152102.0 | ||
| 008 | 220827b th ||||| |||| 00| 1 tha d | ||
| 020 | _a9786163873637 | ||
| 040 | _aNALT | ||
| 041 | _atha | ||
| 090 |
_aFIC _bว617ด 2556 |
||
| 100 | 0 |
_958857 _aวินนา |
|
| 245 | 1 | 0 |
_aแดนสรวง / _cวินนา [นามแฝง]. |
| 250 | _aพิมพ์ครั้งแรก. | ||
| 260 |
_aกรุงเทพฯ : _bอรุณ อมรินทร์พริ้นติ้งแอนด์พับลิชชิ่ง, _c2556. |
||
| 300 |
_a312 หน้า ; _c21 ซม. |
||
| 650 | 4 |
_96869 _aนวนิยายรัก |
|
| 650 | 4 |
_93785 _aนวนิยาย |
|
| 650 | 4 |
_96428 _aนวนิยายไทย |
|
| 700 | 0 |
_958856 _aอังศุพร ญาณเวคิน |
|
| 850 | _aNALT | ||
| 942 |
_2local _cFIC |
||
| 998 |
_akornsiririn _j111 _k นางสาวพจพิณ พรมเอี่ยม |
||
| 999 |
_c100587 _d100587 |
||